[Event "AUTO-BEG-18"]
[Site "http://www.queenalice.com/game.php?id=93889"]
[Date "2006.8.8"]
[Round "1"]
[White "Gambiter"]
[Black "rico"]
[Result "1-0"]
[WhiteElo "1319"]
[BlackElo "1268"]

1. e4 e6 2. d4 Nf6 3. e5 Ne4 4. Bd3 d5 5. Nd2 Bb4 6. c3 Qh4 7. g3 Qe7 8. Bxe4
dxe4 9. cxb4 Qxb4 10. Ne2 O-O 11. O-O e3 12. fxe3 b6 13. Qb3 Qxb3 14. Nxb3 Nc6
15. Bd2 Ba6 16. Rf2 Bxe2 17. Rxe2 f6 18. Rc1 Na5 19. Nxa5 fxe5 20. Nb3 exd4 21.
exd4 1-0

[Event "AUTO-BEG-18"]
[Site "http://www.queenalice.com/game.php?id=93890"]
[Date "2006.8.8"]
[Round "1"]
[White "rico"]
[Black "Gambiter"]
[Result "0-1"]
[WhiteElo "1268"]
[BlackElo "1294"]

1. e3 d5 2. Nf3 Nf6 3. c4 c6 4. cxd5 cxd5 5. Qb3 e6 6. Bb5+ Nc6 7. Bxc6+ bxc6 8.
Qa4 Qc7 9. Nd4 Bd7 10. Nc3 Rb8 11. a3 c5 12. Ndb5 Qb6 13. Qxa7 Bxb5 14. Qxb6
Rxb6 15. Nxb5 Rxb5 16. a4 Rb3 17. a5 Be7 18. Ra3 Rxa3 19. bxa3 Kd7 20. Bb2 Rb8
0-1

[Event "AUTO-BEG-18"]
[Site "http://www.queenalice.com/game.php?id=93891"]
[Date "2006.8.8"]
[Round "1"]
[White "Gambiter"]
[Black "Erectio"]
[Result "1-0"]
[WhiteElo "1252"]
[BlackElo "1234"]

1. e4 d5 2. exd5 Nf6 3. d4 c6 4. dxc6 Nxc6 5. Nf3 Bg4 6. c3 Bxf3 7. Qxf3 Nxd4 8.
cxd4 Qxd4 9. Bb5+ Nd7 10. O-O Rc8 11. Rd1 Qb4 12. Bxd7+ Kd8 13. Bxc8+ Kxc8 14.
Qxf7 g5 15. Qe8+ Kc7 16. Qd7+ Kb6 17. Be3+ Ka5 18. Rd5+ b5 19. Qxa7# 1-0

[Event "AUTO-BEG-18"]
[Site "http://www.queenalice.com/game.php?id=93892"]
[Date "2006.8.8"]
[Round "1"]
[White "Erectio"]
[Black "Gambiter"]
[Result "0-1"]
[WhiteElo "1298"]
[BlackElo "1188"]

1. e4 c5 2. g3 g6 3. Bg2 Nc6 4. Nf3 Bg7 5. O-O e6 6. Ng5 Qxg5 7. d4 Qe7 8. d5
Ne5 9. f4 Nc4 10. Na3 Nxa3 11. bxa3 Bxa1 12. d6 Bd4+ 13. Kh1 Qxd6 14. c3 Ne7 15.
cxd4 Qxd4 16. Qxd4 cxd4 17. e5 Nc6 0-1

[Event "Challenge from Liam..."]
[Site "http://www.queenalice.com/game.php?id=99237"]
[Date "2006.8.25"]
[Round "-"]
[White "Gambiter"]
[Black "MikeDoherty"]
[Result "0-1"]
[WhiteElo "1294"]
[BlackElo "2047"]

1. e4 c5 2. Nf3 d6 3. d4 cxd4 4. Nxd4 Nf6 5. Nc3 g6 6. Be3 Bg7 7. f3 O-O 8. Qd2
Re8 9. O-O-O Nc6 10. Nxc6 bxc6 11. e5 Nd7 12. e6 fxe6 13. Bh6 Bh8 14. h4 Qa5 15.
h5 Bxc3 16. bxc3 Qa3+ 17. Kb1 Rb8+ 0-1

[Event "Challenge"]
[Site "http://www.queenalice.com/game.php?id=99994"]
[Date "2006.8.27"]
[Round "-"]
[White "Gambiter"]
[Black "jimwilson"]
[Result "0-1"]
[WhiteElo "1294"]
[BlackElo "1874"]

1. e4 d5 2. exd5 Nf6 3. d6 Qxd6 4. Nc3 Nc6 5. Nf3 Bg4 6. Be2 e6 7. O-O O-O-O 8.
d3 Qd7 9. a3 Be7 10. h3 Bh5 11. Be3 Kb8 12. b4 Bd6 13. b5 Bxf3 14. Bxf3 Ne5 15.
a4 Bb4 16. Ne4 Qd5 17. Rb1 Ba5 18. Qe2 Nxf3+ 19. Qxf3 Nxe4 20. dxe4 Qc4 21. Qxf7
Qxe4 22. Rfc1 Rhf8 23. Qh5 Bd2 24. Qe2 Bxe3 25. fxe3 Qxa4 26. c4 Qa3 27. c5 Rd3
28. Ra1 Rxe3 29. Qc4 Qd3 30. Qa4 a6 31. bxa6 Rxh3 32. gxh3 Qe3+ 33. Kh1 Qxh3+
34. Kg1 Qe3+ 35. Kh1 Qh6+ 36. Kg1 Qg6+ 37. Kh1 Rf2 38. a7+ Ka8 39. Qe8+ Qxe8 0-1

[Event "Let's Play Chess!"]
[Site "http://www.queenalice.com/game.php?id=99995"]
[Date "2006.8.27"]
[Round "-"]
[White "Theologe"]
[Black "Gambiter"]
[Result "1-0"]
[WhiteElo "1801"]
[BlackElo "1341"]

1. e4 c5 2. Nf3 d6 3. Bb5+ Bd7 4. Bxd7+ Qxd7 5. O-O Nc6 6. b3 e5 7. c3 Nf6 8. d4
O-O-O 9. d5 Ne7 10. Re1 h6 11. b4 cxb4 12. Qb3 bxc3 13. Nxc3 g5 14. Rb1 Kb8 15.
Nb5 a6 16. Nxd6 b5 17. Nxb5 axb5 18. Qa4 Kc7 19. Qa5+ Kc8 20. Nxe5 Qe8 21. Ba3
Ng6 22. Rec1+ 1-0

[Event "Challenge from Liam........"]
[Site "http://www.queenalice.com/game.php?id=103281"]
[Date "2006.9.7"]
[Round "-"]
[White "MikeDoherty"]
[Black "Gambiter"]
[Result "0-1"]
[WhiteElo "2036"]
[BlackElo "1294"]

1. d4 Nf6 2. c4 e6 3. Nc3 Bb4 4. Qc2 d5 5. e3 c5 6. Nf3 Nc6 7. a3 Bxc3+ 8. bxc3
O-O 9. Bd3 a6 10. a4 Re8 11. Ne5 cxd4 12. exd4 Nxe5 13. dxe5 dxc4 14. Bxc4 Qc7
15. Qe2 Nd5 16. Bd2 Bd7 17. O-O Rac8 18. Bd3 Nxc3 19. Qh5 g6 20. Qg5 Qd8 21. Qh6
Qe7 22. Bg5 Qf8 23. Qh4 Nd5 24. Be4 Rc4 25. Rfe1 Bxa4 26. Qh3 Bc6 27. Ra3 Qb4
28. Rb1 Rxe4 0-1

[Event "Challenge"]
[Site "http://www.queenalice.com/game.php?id=114545"]
[Date "2006.10.7"]
[Round "-"]
[White "Gambiter"]
[Black "MikeDoherty"]
[Result "0-1"]
[WhiteElo "1341"]
[BlackElo "2079"]

1. e4 e6 2. d4 d5 3. Nc3 b6 4. exd5 exd5 5. Bd3 Nf6 6. Bg5 Be7 7. Nge2 O-O 8.
O-O Nbd7 9. Ng3 Bb7 10. Re1 Re8 11. Nf5 Bf8 12. Ne3 c6 13. Qf3 Qc7 14. Nf5 Re6
15. Bf4 Qd8 16. Qg3 Nh5 17. Qh3 g6 18. Bh6 Qe8 19. Rxe6 fxe6 20. g4 exf5 21.
Bxf8 fxg4 22. Qxg4 Nxf8 0-1

[Event "Challenge"]
[Site "http://www.queenalice.com/game.php?id=118649"]
[Date "2006.10.19"]
[Round "-"]
[White "Theologe"]
[Black "Gambiter"]
[Result "0-1"]
[WhiteElo "1784"]
[BlackElo "1346"]

1. d4 Nf6 2. Bg5 c5 3. Bxf6 gxf6 4. d5 Qb6 5. Qc1 f5 6. c3 Bg7 7. g3 d6 8. Bg2
e6 9. Na3 O-O 10. Qc2 Qc7 11. O-O-O a6 12. Nc4 b5 13. dxe6 Bxe6 14. Bxa8 Bxc4
15. Qxf5 Bxa2 0-1

[Event "Challenge"]
[Site "http://www.queenalice.com/game.php?id=119074"]
[Date "2006.10.20"]
[Round "-"]
[White "Gambiter"]
[Black "Theologe"]
[Result "1-0"]
[WhiteElo "1346"]
[BlackElo "1784"]

1. e4 e6 2. d4 d5 3. Nc3 Bb4 4. e5 c5 5. a3 Bxc3+ 6. bxc3 Ne7 7. Qg4 O-O 8. Bd3
Nbc6 9. Nf3 f5 10. exf6 Rxf6 11. Bg5 Rf7 12. Qh4 h6 13. Bxe7 Qxe7 14. Qxe7 Rxe7
15. Ne5 Nxe5 16. dxe5 Rf7 17. Rb1 Rf4 18. O-O 1-0

[Event "Challenge"]
[Site "http://www.queenalice.com/game.php?id=119803"]
[Date "2006.10.21"]
[Round "-"]
[White "Jorge"]
[Black "Gambiter"]
[Result "0-1"]
[WhiteElo "1398"]
[BlackElo "1335"]

1. e4 c5 2. c4 Nc6 3. Ne2 e5 4. a3 g6 5. Nbc3 Bg7 6. Nb5 d6 7. d3 a6 8. Nbc3 Be6
9. Nd5 b5 10. cxb5 axb5 11. Bd2 Bxd5 12. Nc3 Be6 13. Nxb5 Nd4 14. Nxd4 exd4 15.
g3 Qb6 16. Rb1 Qb3 17. Qxb3 Bxb3 18. Bg2 Ra6 19. O-O Bc2 20. Rbc1 Bxd3 21. Rfe1
Ne7 22. e5 dxe5 23. Rxc5 O-O 24. Rcxe5 Bxe5 25. Rxe5 Re6 26. Re1 Rxe1+ 27. Bxe1
Rc8 28. Bd2 Rc2 29. Bg5 f6 30. Bxf6 Rc1+ 31. Bf1 Bxf1 0-1

[Event "AUTO-BEG-18"]
[Site "http://www.queenalice.com/game.php?id=127968"]
[Date "2006.11.11"]
[Round "2"]
[White "Harir"]
[Black "Gambiter"]
[Result "1-0"]
[WhiteElo "2129"]
[BlackElo "1346"]

1. e4 c5 2. Bc4 e6 3. Nc3 a6 4. a4 Nc6 5. Nf3 Nge7 6. O-O d5 7. exd5 exd5 8. Be2
h6 9. d4 c4 10. Re1 Be6 11. b3 cxb3 12. cxb3 g6 13. Bf4 Bg7 14. Qd2 Nf5 15. Bd3
Nce7 16. g4 Nh4 17. Nxh4 1-0

[Event "AUTO-BEG-18"]
[Site "http://www.queenalice.com/game.php?id=127969"]
[Date "2006.11.11"]
[Round "2"]
[White "Gambiter"]
[Black "Harir"]
[Result "0-1"]
[WhiteElo "1346"]
[BlackElo "2128"]

1. e4 e5 2. Nf3 Nc6 3. Bb5 Nf6 4. O-O Bc5 5. Qe2 O-O 6. Nc3 d6 7. Bxc6 bxc6 8.
Qc4 Be6 9. Qa6 Qd7 10. a3 Ng4 11. h3 Nf6 12. b4 Bb6 13. d3 Nh5 14. Ne2 f5 15.
Kh2 fxe4 16. dxe4 Bxh3 17. Qd3 Bg4 0-1

[Event "AUTO-BEG-18"]
[Site "http://www.queenalice.com/game.php?id=127970"]
[Date "2006.11.11"]
[Round "2"]
[White "val_si"]
[Black "Gambiter"]
[Result "1-0"]
[WhiteElo "1623"]
[BlackElo "1351"]

1. e4 c5 2. d3 Nc6 3. Be3 e5 4. Nf3 d6 5. h3 a6 6. Ng5 Nf6 7. Be2 h6 8. Nf3 Be7
9. Bd2 b5 10. a3 O-O 11. Nh2 Rb8 12. Bg4 b4 13. a4 Nd4 14. b3 1-0

[Event "AUTO-BEG-18"]
[Site "http://www.queenalice.com/game.php?id=127971"]
[Date "2006.11.11"]
[Round "2"]
[White "Gambiter"]
[Black "val_si"]
[Result "0-1"]
[WhiteElo "1358"]
[BlackElo "1617"]

1. e4 e5 2. f4 exf4 3. Nf3 d5 4. exd5 Qxd5 5. Nc3 Qe6+ 6. Be2 Bd7 7. d4 Bd6 8.
O-O Qf6 9. Ne4 Qe7 10. Nxd6+ Qxd6 11. Re1 Ne7 12. Ne5 Qh6 13. Bf3 c6 14. Nxd7
Nxd7 0-1

[Event "Challenge"]
[Site "http://www.queenalice.com/game.php?id=131815"]
[Date "2006.11.21"]
[Round "-"]
[White "Gambiter"]
[Black "MikeDoherty"]
[Result "0-1"]
[WhiteElo "1376"]
[BlackElo "2114"]

1. e4 Nc6 2. d4 e5 3. d5 Nce7 4. f4 Ng6 5. Nf3 exf4 6. Qd4 d6 7. Nc3 Nf6 8. e5
dxe5 9. Nxe5 Qe7 10. Bxf4 Nxf4 11. Qxf4 Ng4 12. Bb5+ Kd8 13. d6 Qxe5+ 14. Qxe5
Nxe5 15. O-O-O Bxd6 16. Ne4 Ke7 17. Nxd6 cxd6 0-1